00488 a2200145 4500020001500000020001800015082001100033100002000044245013900064260004900203300002100252700002000273700002300293700002600316 a052183113X a9780521831130 a530.12 aBarrow, John D.10aScience and ultimate reality :bquantum theory, cosmology, and complexity /cJohn D. Barrow, Paul C. W. Davies, Charles L. Harper Jr. a[S.l.] :bCambridge University Press,c2004. a742 p. ;c25 cm.1 aBarrow, John D.1 aDavies, Paul C. W.1 aJr, Charles L. Harper